| 000 | 00833nam a22001937a 4500 | ||
|---|---|---|---|
| 999 |
_c4052 _d4052 |
||
| 001 | 10786 | ||
| 003 | BD-DhUAP | ||
| 005 | 20201207160130.0 | ||
| 008 | 200318t20072002bg a|||| |||| 00| 0 ben d | ||
| 020 | _a984446062X | ||
| 040 |
_aBD-DhUAP _bBen _cBD-DhUAP _dBD-DhUAP |
||
| 082 |
_223 _a934.01 SHA |
||
| 100 | _aশাহনাওয়াজ, এ. কে. এম.। | ||
| 245 |
_aভারত উপমহাদেশের ইতিহাস : _bমধ্যযুগঃ সুলতানি পর্ব / _cএ. কে. এম. শাহনাওয়াজ। |
||
| 260 |
_aঢাকা : _bপ্রতীক, _cc২০০২ [পুর্নমুদ্রণ ২০০৭]। |
||
| 300 |
_a২৬৩ পৃষ্ঠা : _bচিত্রাবলী ; _c২৩ সেমি.। |
||
| 650 |
_aHistory _zIndia. |
||
| 942 |
_2ddc _cBK |
||